| 000 | 00652nam a2200193 i 4500 | ||
|---|---|---|---|
| 001 | 73017 | ||
| 003 | ES-MaACL | ||
| 005 | 20250629063127.0 | ||
| 007 | t| | ||
| 008 | 040906s1914 cu ||||1| spa d | ||
| 080 | _a929 Gómez de Avellaneda, Gertrudis | ||
| 100 | 1 |
_aGómez de Avellaneda, Gertrudis, _d1814-1873 _957886 |
|
| 245 | 1 | 0 |
_aMemorias inéditas de la Avellaneda / _canotadas por Domingo Figarola-Caneda. |
| 260 |
_aLa Habana : _b[s.n., _c1914] ( _fImp. El Siglo XX) |
||
| 300 |
_aVII, 42 p., [1] h. de lám. ; _c27 cm. |
||
| 700 | 1 |
_aFigarola-Caneda, Domingo. _950736 |
|
| 852 |
_aES-MaACL _jT-1440-F-7 |
||
| 999 |
_c73017 _d73017 |
||